| 000 | 00000nam##2200000za#4500 |
| 001 | 9.587660 |
| 003 | CaOODSP |
| 005 | 20210624194736 |
| 007 | cr ||||||||||| |
| 008 | 150406|2007||||xxc|||||o f|0| 0 fre|d |
| 022 | |a1701-1280 |
| 040 | |aCaOODSP|bfre |
| 041 | |aeng |
| 041 | |afre |
| 043 | |an-cn--- |
| 086 | 1 |aFs70-4/2007-001-PDF |
| 110 | 1 |aCanada. |bMinistère des pêches et des océans. |
| 245 | 10|aAtelier national des Sciences – Élaboration d'une approche nationale uniforme pour l'élaboration des objectifs de conservation / |h[ressource électronique]|cJake Rice, président; Liisa Peramaki, rédactrice. |
| 260 | |aOttawa - Ontario : |bPêches et Océans Canada |cNovembre 2007. |
| 300 | |a24p.|bfigures, tableaux |
| 490 | 1 |aSecrétariat canadien de consultation scientifique, série des comptes rendus|x1701-1280|v2007/001 |
| 500 | |a«Les 10 et 11 janvier 2007, Hôtel Lord Elgin, Ottawa, Ontario». |
| 590 | |a11-31-Supp|b2011-12-13 |
| 791 | |tNational science workshop: development of a nationally consistent approach to conservation objectives / |eeng|w(CaOODSP)9.587659 |
| 830 | #0|aCompte rendu (Secrétariat canadien de consultation scientifique)|x1701-1280|v2007/001|w(CaOODSP)9.500508 |
| 856 | 40|ahttp://publications.gc.ca|qPDF|s150 Ko|uhttps://publications.gc.ca/collections/collection_2011/mpo-dfo/Fs70-4-2007-001.pdf|y2007/001 |